| 000 | 00727nam a2200289Ia 4500 | ||
|---|---|---|---|
| 008 | 170203s9999 xx 000 0 und d | ||
| 020 | _a0-82340790x | ||
| 050 | _aFic | ||
| 050 | _bB618s | ||
| 100 | _aBirdseye, Tom. | ||
| 245 | 2 | _aA song of stars : | |
| 245 | _ban Asian legend / | ||
| 245 | _cadapted by Tom Birdseye ; illustrated by Ju-Hong Chen. | ||
| 260 | _aNew York : | ||
| 260 | _bHoliday House, | ||
| 260 | _c©1990. | ||
| 300 | _a32 unnumbered pages : | ||
| 300 | _bcolor illustrations ; | ||
| 300 | _c22 x 28 cm | ||
| 650 | _aFolklore -- | ||
| 650 | _aFolklore. | ||
| 650 | _aMilky Way -- | ||
| 650 | _aStars -- | ||
| 650 | _xChina. | ||
| 650 | _xFolklore. | ||
| 650 | _xFolklore. | ||
| 999 |
_c306521 _d306521 |
||